000 00782nam a2200241Ia 4500
003 OSt
005 20220923225545.0
006 a|||||r|||| 00| 0
007 ta
008 Pun
024 _a271,249
037 _cTextual
040 _aARTS
_cARTS
_bPun
041 _2Pun
_aPun
082 _aDelta2y7M72w, 153L2
100 _aਨਵਜਾਤ; ਕੰਵਲ, ਪੂਰਨ ਸਿੰਘ, ੳਗ.
_9168720
245 0 _aਸ੍ਰੀ ਅਰਵਿੰਦ
260 _aਨਵੀ੍ਵ ਦਿੱਲੀ
_b ਨੈFਨਲ ਬੁਕ ਟਰੱਸਟ
_c1972
300 _a142ਪੰ
_ccm.
650 _aਅਧਿਆਤਮਵਾਦ
942 _hDelta2y7M72w, 153L2
_cTEXL
_2CC
999 _c379095
_d379095